header

PHP 5 social networking (Record no. 145734)

MARC details
000 -LEADER
fixed length control field 01233nam a2200301 a 4500
100 1# - MAIN ENTRY--AUTHOR NAME
Personal name Peacock, Michael.
245 10 - TITLE STATEMENT
Title PHP 5 social networking
260 ## - PUBLICATION, DISTRIBUTION, ETC. (IMPRINT)
Place of publication Birmingham [U.K.] :
Name of publisher Packt Pub.,
Year of publication 2010.
300 ## - PHYSICAL DESCRIPTION
Number of Pages x, 433 p. :
Other physical details ill. (some col.)
500 ## - GENERAL NOTE
General note Includes index.
650 #0 - SUBJECT ADDED ENTRY--TOPICAL TERM
Topical Term PHP (Computer program language)
Topical Term Online social networks.
Topical Term Web sites
856 40 - ELECTRONIC LOCATION AND ACCESS
Uniform Resource Identifier http://site.ebrary.com/lib/rucke/Doc?id=10428655

No items available.

© 2026 Rongo University
Contact us: librarian | system librarian | Rongo university